000 00672pam a2200241 a 4500
001 580099
005 20180814045715.0
008 900802s1991 nyua b 001 0 eng c
010 _a 90013828
020 _a0824783018 (alk. paper)
040 _aDNLM/DLC
_cDLC
_dDLC
041 _aeng
060 _aQH 601 M53251
080 _a574.875 WIL
082 0 0 _a574.875 WIL
_220
100 _a11
101 _aBIO
245 0 0 _aMembrane fusion /
_cedited by Jan Wilschut, Dick Hoekstra.
504 _aIncludes bibliographical references and index.
906 _a7
_bcbc
_corignew
_d1
_eocip
_f19
_gy-gencatlg
942 _2ddc
_cBK
999 _c47094
_d47094